El arte de la guerra / (Record no. 37350)
[ view plain ]
| 000 -CABECERA | |
|---|---|
| campo de control de longitud fija | 00564nam a2200181 a 4500 |
| 001 - NÚMERO DE CONTROL | |
| campo de control | 000037860 |
| 005 - FECHA Y HORA DE LA ÚLTIMA TRANSACCIÓN | |
| campo de control | 20201002031128.0 |
| 008 - DATOS DE LONGITUD FIJA--INFORMACIÓN GENERAL | |
| campo de control de longitud fija | 130307s2010 pr 000 0 spa d |
| 020 ## - NÚMERO INTERNACIONAL ESTÁNDAR DEL LIBRO | |
| Número Internacional Estándar del Libro | 9789972082566 |
| 040 ## - FUENTE DE LA CATALOGACIÓN | |
| Centro catalogador/agencia de origen | DO-SdBNP |
| Lengua de catalogación | spa |
| Centro/agencia transcriptor | BNPHU |
| 100 1# - ENTRADA PRINCIPAL--NOMBRE DE PERSONA | |
| Nombre de persona | Sun,Tsu |
| 9 (RLIN) | 64311 |
| 245 13 - MENCIÓN DE TÍTULO | |
| Título | El arte de la guerra / |
| Mención de responsabilidad, etc. | Sun Tzu ;. |
| 260 ## - PUBLICACIÓN, DISTRIBUCIÓN, ETC. | |
| Lugar de publicación, distribución, etc. | Lima, Perú : |
| Nombre del editor, distribuidor, etc. | Editora Chirre, |
| Fecha de publicación, distribución, etc. | 2010. |
| 300 ## - DESCRIPCIÓN FÍSICA | |
| Extensión | 81 p. ; |
| Dimensiones | 22 cm. |
| 490 1# - MENCIÓN DE SERIE | |
| Mención de serie | Genios de la literatura universal |
| 500 ## - NOTA GENERAL | |
| Nota general | Incluye cuestionario de comprension de lectura |
| 830 #0 - PUNTO DE ACCESO ADICIONAL DE SERIE-TÍTULO UNIFORME | |
| Título uniforme | Genios de la literatura universal |
| 9 (RLIN) | 64130 |
| Estado de retiro | Estado de pérdida | Restricciones de uso | No para préstamo | Código de colección | Localización permanente | Ubicación/localización actual | Ubicación en estantería | Fecha de adquisición | Número de inventario | Total de préstamos | Signatura topográfica completa | Código de barras | Fecha visto por última vez | Precio válido a partir de | Tipo de ítem Koha |
|---|---|---|---|---|---|---|---|---|---|---|---|---|---|---|---|
| Monografías: Libros y Folletos | Patrimonio Dominicano | Patrimonio Dominicano | Orden iniciada | 07.03.2013 | LF1 | 37860-10 | 25.06.2020 | 25.06.2020 | No se presta |
